000
00307nam a22001337a 4500
020
_a
0-7506-3429-4
082
_a
629.8 PEZ
100
_a
REZNIK, LEONID
_9
61353
245
_a
FUZZY CONTROLLERS
260
_a
OXFORD
_b
NEWNES
_c
1997
300
_a
XXI,287P
650
_a
FUZZY CONTROLLERS
_9
61354
942
_c
BK
999
_c
570838
_d
570838